Land Records Manual / (Record no. 587134)

000 -LEADER
fixed length control field 00381nam a22001337a 4500
082 ## - DEWEY DECIMAL CLASSIFICATION NUMBER
Classification number 346.0432 KHU
100 ## - MAIN ENTRY--PERSONAL NAME
Personal name Khuncha, Muhammad Iqbal
245 ## - TITLE STATEMENT
Title Land Records Manual /
Statement of responsibility, etc. Muhammad Iqbal Khuncha
260 ## - PUBLICATION, DISTRIBUTION, ETC.
Place of publication, distribution, etc. Lahore :
Name of publisher, distributor, etc. Imran Law Book House,
Date of publication, distribution, etc. 2020.
300 ## - PHYSICAL DESCRIPTION
Extent 864 p. ;
Dimensions 24 cm.
942 ## - ADDED ENTRY ELEMENTS (KOHA)
Source of classification or shelving scheme
Koha item type Book
Holdings
Withdrawn status Lost status Source of classification or shelving scheme Damaged status Not for loan Permanent Location Current Location Shelving location Date acquired Source of acquisition Total Checkouts Full call number Barcode Date last seen Date last checked out Price effective from Koha item type
          NUST Law School (NLS) NUST Law School (NLS) Law 12/07/2021 Federal Law House 1 346.0432 KHU CL-690 04/01/2022 03/03/2022 12/07/2021 Book
© 2023 Central Library, National University of Sciences and Technology. All Rights Reserved.